| 000 | 00372nam a2200133Ia 4500 | ||
|---|---|---|---|
| 008 | 240624s9999 xx 000 0 und d | ||
| 041 | _aeng | ||
| 082 | _a332.6 COL | ||
| 100 | _aCOLEMAN LES | ||
| 245 | _aAPPLIED INVESTMENT THEORY HOW MARKETS AND INVESTORS BEHAVE | ||
| 260 |
_c2016 _aSwitzerland _bPalgrave Macmillan |
||
| 300 | _axxv, 246 p.; 23 cm. | ||
| 365 |
_cERU _b33 |
||
| 999 |
_c32558 _d32558 |
||